Aot Characters By Quote - Statistics

General Stats
  • This quiz has been taken 156 times
  • The average score is 4 of 19
Answer Stats
Hint Answer % Correct
"My soldiers, rage! My soldiers, scream!" Erwin Smith
85%
"I Can't Be A Good Girl And I Don't Want To Be A God. But When I See Someone Crying, Saying No One Needs Them, I Want To Tell Them It's Not True." Historia Reiss
43%
"That Letter I Delivered For You! Where Did It Go? You Told Me It Was Going To Your Family!" Falco Grice
38%
"If You Want To Save Mikasa, Armin, And Everyone Else, You'll Have To Control This Power!" Grisha Yeager
31%
"Why won't you guys just let me die in peace?" Reiner Braun
31%
"Fight! You must fight! If you win, you live. If you loose, you die" Eren Yeager
30%
"Since I Was A Child, My True Loyalty Has Been To My Father's Dream. I Am The True Eldian Restorationist." Zeke Yeager
26%
"I don't trust Marley. I pray that Eldians will be freed. But I do trust those who've fought beside me!" Pieck Finger
23%
"A Person Who Cannot Sacrifice Everything, Cannot Change Anything." Armin Arlert
19%
"I Choose The Hell Of Humans Killing Each Other Over The Hell Of Being Eaten." Levi Ackerman
19%
"I'll live, no matter what! If I can't, then I'll just die." Mikasa Ackerman
19%
"You're gonna care what other people think and be someone you're not your whole life? You're fine as you are. So, talk in your own words." Ymir
14%
"I Guess You Were Lucky That I Was A Good Person To You. It Looks Like Your Gamble Paid Off For Now But This Is Where Mine Begins." Annie Leonhart
13%
"None Of You Have Done Anything Wrong. And You're Not Devils. It's Just That You All Have To Die. There's Nothing You Can Do Now." Bertolt Hoover
10%
"What're you talking about? Defeat is all the Survey Corps has ever known!" Hange Zoe
10%
"All I care about... is getting a chance to fight that Beast Titan." Connie Springer
6%
"I'm An Honest Man. It’s Better Than Acting All Tough When You’re Scared Shitless." Jean Kirstein
4%
"How Many Of Us Made It Using The Deaths Of Our Comrades?" Marco Bodt
0%
"It's Alright If You're Weak, There Are People Who Will Come And Rescue You." Sasha Braus
0%
No matching quizzes found
Score Distribution
Percent of People with Each Score
Percentile by Number Answered
Your Score History
You have not taken this quiz